Sports Quiz

Random Sports or Clickable Quiz

Dallas Cowboys LB Starters 2000-2017 (clickable) Quiz Stats

Quiz not verified by Sporcle

Challenge
Share
Tweet
Embed
Score 0/37 Timer 05:00
0 Plays Today
% Correct
Rolando McClain
100%
DeMarcus Ware
97.8%
Sean Lee
96.7%
Anthony Spencer
95.7%
Keith Brooking
95.7%
Bradie James
95.7%
Zach Thomas
94.6%
Bobby Carpenter
93.5%
Justin Durant
92.7%
Bruce Carter
90.2%
Greg Ellis
89.1%
Dat Nguyen
89.1%
Jaylon Smith
88.9%
Scott Fujita
85.9%
Kevin Burnett
84.8%
Dan Connor
83.7%
Ernie Sims
82.6%
Akin Ayodele
81.5%
Dexter Coakley
81.5%
% Correct
Victor Butler
80.4%
Anthony Hitchens
77.8%
Scott Shanle
73.9%
DeVonte Holloman
70.7%
Brady Poppinga
68.9%
Damien Wilson
66.7%
Andrew Gachkar
66.7%
Kevin Hardy
65.2%
Alex Albright
63%
Al Singleton
63%
Darren Hambrick
57.6%
Kyle Wilber
56.5%
Keith Adams
47.8%
Markus Steele
47.8%
Ryan Fowler
40.2%
Jamal Brooks
31.5%
Barron Wortham
31.5%
Orantes Grant
30.4%

You're not logged in!

Compare scores with friends on all Sporcle quizzes.
Join for Free
OR
Log In

You Might Also Like...

Show Comments

Extras

Top Quizzes Today


Score Distribution

Your Account Isn't Verified!

In order to create a playlist on Sporcle, you need to verify the email address you used during registration. Go to your Sporcle Settings to finish the process.

Report this User

Report this user for behavior that violates our Community Guidelines.

Details: